Fisiologia dei centri nervosi encefalici / (Record no. 158253)

MARC details
000 -LEADER
campo de control de longitud fija 00758nam a22002055i 4500
001 - NÚMERO DE CONTROL
campo de control 158253
003 - IDENTIFICADOR DE NÚMERO DE CONTROL
campo de control ES-MaACL
005 - FECHA Y HORA DE LA ÚLTIMA TRANSACCIÓN
campo de control 20230906211057.0
008 - DATOS DE LONGITUD FIJA--INFORMACIÓN GENERAL
campo de control de longitud fija 040825s1871 it a |||| | ita d
040 ## - FUENTE DE CATALOGACIÓN
Centro catalogador/agencia de origen CAM
Lengua de catalogación spa
Centro/agencia transcriptor CAM
100 1# - ENTRADA PRINCIPAL--NOMBRE DE PERSONA
Nombre de persona Lussana, F.
9 (RLIN) 129160
245 10 - MENCIÓN DEL TÍTULO
Título Fisiologia dei centri nervosi encefalici /
Mención de responsabilidad, etc. F. Lussana e A. Lemoigne.
260 ## - PUBLICACIÓN, DISTRIBUCIÓN, ETC.
Lugar de publicación, distribución, etc. Padova :
Nombre del editor, distribuidor, etc. R. Stab. di P. Prosperini edit.,
Fecha de publicación, distribución, etc. 1871.
300 ## - DESCRIPCIÓN FÍSICA
Extensión 2 v. :
Otras características físicas il. ;
Dimensiones 24 cm.
505 8# - NOTA DE CONTENIDO CON FORMATO
Nota de contenido con formato T.I: Cervello e mesencefalo (388 p., [34] h. de lám.) - T.II: Sistema peduncolare e cervelletto (344 p., [9] h. de lám.)
650 #4 - PUNTO DE ACCESO ADICIONAL DE MATERIA--TÉRMINO DE MATERIA
Término de materia o nombre geográfico como elemento de entrada Sistema nervioso.
9 (RLIN) 17133
700 11 - ENTRADA AGREGADA--NOMBRE PERSONAL
Nombre de persona Lemoigne, A.
9 (RLIN) 128868
752 ## - ENTRADA AGREGADA--NOMBRE JERÁRQUICO DEL LUGAR
País o entidad superior Italia -
Ciudad Padua
852 ## - LOCALIZACIÓN
Ubicación ES-MaACL
Número de control de estantería F-10457-10458
Nota libre -- Enc. pasta española
Holdings
Estatus retirado Estado de pérdida Estado de daño No para préstamo Colección Biblioteca de origen Biblioteca actual Ubicación en estantería Fecha de adquisición Fuente de adquisición Total de préstamos Signatura topográfica completa Código de barras Visto por última vez Precio de reemplazo Tipo de ítem Koha
        Libros del s. XIX Biblioteca del Ateneo de Madrid Biblioteca del Ateneo de Madrid Sala Pecera Planta 2 17/01/2008     F-10457-10458 1165628 23/02/2023 23/02/2023 Libro impreso antiguo